[Event "40th World Junior Girls"]
[Site "Gandhinagar IND"]
[Date "2024.06.11"]
[Round "9.18"]
[White "Yashvi Jain"]
[Black "Striskova, Lucia"]
[Result "0-1"]
[WhiteElo "1729"]
[BlackElo "2023"]
[WhiteFideId "25984446"]
[BlackFideId "14960958"]
[EventDate "2024.06.02"]

1. d4 d5 2. Nf3 Nf6 3. Bf4 c5 4. c3 Nc6 5. e3 Qb6 6. Qc2 Nh5 7. Bg3 Nxg3 8. hxg3
g6 9. Nbd2 Bf5 10. dxc5 Bxc2 11. cxb6 axb6 12. Bb5 Bf5 13. Ne5 Rc8 14. e4 dxe4
15. Nec4 Bg7 16. Nxb6 Rd8 17. g4 Bxg4 18. Nxe4 O-O 19. Nc5 Na7 20. Be2 Bxe2 21.
Kxe2 Rd6 22. Nbd7 Rc8 23. Rad1 Rc7 24. b4 Nb5 25. Kf3 Nxc3 26. Rxd6 exd6 27. Re1
h6 28. Re8+ Kh7 29. Re7 Nd5 30. Rxf7 dxc5 31. Nf6+ Kh8 32. Rxg7 Rxg7 33. Nxd5
cxb4 34. Nxb4 Rc7 35. Ke3 Rc4 36. Nd3 Kg7 37. g3 Rc2 38. a4 Rc4 39. a5 Kf6 40.
f3 Ra4 41. Nc5 Rxa5 42. Nxb7 Rd5 43. Ke4 Ke6 44. f4 h5 45. Kf3 Ke7 46. Ke4 Rb5
47. Kd4 Rxb7 0-1

[Event "40th World Junior Girls"]
[Site "Gandhinagar IND"]
[Date "2024.06.11"]
[Round "9.19"]
[White "Bhagyashree, Patil"]
[Black "Marium, Fatima"]
[Result "0-1"]
[WhiteTitle "WFM"]
[WhiteElo "1929"]
[BlackElo "1905"]
[WhiteFideId "25053256"]
[BlackFideId "45073058"]
[EventDate "2024.06.02"]

1. d4 d5 2. Nf3 Nf6 3. g3 e6 4. Bg2 Be7 5. O-O O-O 6. c4 dxc4 7. Ne5 a6 8. Nc3
Nd5 9. Nxc4 b5 10. Ne5 Bb7 11. Nxd5 Bxd5 12. e4 Bb7 13. Qc2 Bf6 14. Rd1 Bxe5 15.
dxe5 Qc8 16. Be3 Nd7 17. Rac1 Nxe5 18. Qxc7 Nc4 19. Qe7 Re8 20. Qb4 Bc6 21. Bc5
a5 22. Qc3 Bb7 23. Be3 Rd8 24. Bd4 e5 25. Bxe5 Rxd1+ 26. Rxd1 b4 27. Qd4 Nxe5
28. Qxe5 Qc2 29. Bf3 g6 30. Kg2 Bc6 31. Qc7 Rf8 32. Rd5 a4 33. Rd6 Bxe4 34. Qxc2
Bxc2 35. Bd5 Re8 36. Ra6 Rd8 37. Bc4 Rd4 38. b3 a3 39. Rf6 Be4+ 40. Kf1 Rd2 41.
Ke1 Rxa2 42. Rxf7 Bd3 43. Bd5 Rb2 44. Rf4+ Kg7 45. Rxb4 a2 46. Ra4 Bb5 47. Ra7+
Kf6 48. Be4 Rb1+ 0-1

[Event "40th World Junior Girls"]
[Site "Gandhinagar IND"]
[Date "2024.06.11"]
[Round "9.20"]
[White "Dakshita Kumawat"]
[Black "Shanmathi Sree S"]
[Result "0-1"]
[WhiteElo "1928"]
[BlackElo "1854"]
[WhiteFideId "25944304"]
[BlackFideId "25966413"]
[EventDate "2024.06.02"]

1. d4 Nf6 2. Bf4 g6 3. Nc3 Bg7 4. e4 d6 5. Qd2 O-O 6. O-O-O c6 7. Bh6 b5 8. f3
a5 9. h4 a4 10. h5 b4 11. Nb1 b3 12. cxb3 axb3 13. a3 Qa5 14. hxg6 Qxd2+ 15.
Nxd2 Bxh6 16. gxf7+ Kg7 17. Bc4 d5 18. exd5 cxd5 19. Bxb3 Nc6 20. f4 Nxd4 21.
Ngf3 Nxb3+ 22. Nxb3 Bxf4+ 23. Kb1 Bf5+ 24. Ka2 Bc2 25. Rd4 Bxb3+ 26. Kxb3 Rfb8+
27. Ka2 e5 0-1

[Event "40th World Junior Girls"]
[Site "Gandhinagar IND"]
[Date "2024.06.11"]
[Round "9.21"]
[White "Arshiya Das"]
[Black "Brito Carrascal, Isabela"]
[Result "1-0"]
[WhiteTitle "WCM"]
[WhiteElo "1919"]
[BlackElo "1810"]
[WhiteFideId "25652150"]
[BlackFideId "4456122"]
[EventDate "2024.06.02"]

1. e4 c5 2. Nf3 e6 3. d3 Nc6 4. g3 g6 5. Bg2 Bg7 6. O-O Nge7 7. c3 e5 8. Na3 O-O
9. Be3 d6 10. Qd2 Re8 11. Nh4 Be6 12. f4 exf4 13. gxf4 f5 14. Nf3 h6 15. Bf2 Qd7
16. Rfe1 fxe4 17. dxe4 Bh3 18. Rad1 Bxg2 19. Kxg2 Qg4+ 20. Bg3 Rad8 21. Nc4 Nc8
22. Ne3 Qe6 23. Nd5 Qf7 24. Bh4 N8e7 25. a3 Rf8 26. Rf1 Nxd5 27. Qxd5 Rde8 28.
Qxf7+ Rxf7 29. Nd2 Bf8 30. Bg3 h5 31. h3 Bh6 32. Rf2 Bf8 33. Rdf1 b5 34. Nf3 Bh6
35. Ng5 Bxg5 36. fxg5 Rxf2+ 37. Rxf2 Ne5 38. Rf6 1-0

[Event "40th World Junior Girls"]
[Site "Gandhinagar IND"]
[Date "2024.06.11"]
[Round "9.22"]
[White "Gasparyan, Milena"]
[Black "Kashthuri, Bhai R"]
[Result "1/2-1/2"]
[WhiteElo "1909"]
[BlackElo "1765"]
[WhiteFideId "13311670"]
[BlackFideId "25611607"]
[EventDate "2024.06.02"]

1. e4 e5 2. Nf3 Nc6 3. Bb5 a6 4. Ba4 Nf6 5. O-O b5 6. Bb3 Bc5 7. c3 d6 8. d4 Bb6
9. a4 Bb7 10. a5 Ba7 11. Re1 O-O 12. h3 h6 13. Be3 Re8 14. d5 Ne7 15. c4 Bxe3
16. Rxe3 Ng6 17. Nc3 bxc4 18. Bxc4 Nf4 19. b4 c6 20. dxc6 Bxc6 21. Qf1 Qc8 22.
b5 axb5 23. Bxb5 Bxb5 24. Nxb5 Qd8 25. Qc4 Rxa5 26. Rxa5 Qxa5 27. Nxd6 Rf8 28.
Nf5 Re8 29. Nd6 Rf8 30. Rb3 Qa1+ 31. Kh2 Qa2 32. Kg1 Qa1+ 1/2-1/2

[Event "40th World Junior Girls"]
[Site "Gandhinagar IND"]
[Date "2024.06.11"]
[Round "9.23"]
[White "Grozdanovic, Anastasia"]
[Black "Gade Sharanya"]
[Result "1-0"]
[WhiteTitle "WFM"]
[WhiteElo "2108"]
[BlackElo "1849"]
[WhiteFideId "979996"]
[BlackFideId "25925253"]
[EventDate "2024.06.02"]

1. d4 Nf6 2. c4 e6 3. Nf3 Bb4+ 4. Bd2 Bxd2+ 5. Nfxd2 d5 6. Nc3 b6 7. cxd5 exd5
8. g3 O-O 9. Bg2 Bb7 10. O-O Qe7 11. e3 Rd8 12. Nb3 Ne4 13. Qc2 Na6 14. Rac1 Nb4
15. Qb1 Ba6 16. Rfd1 Re8 17. Bf1 Bxf1 18. Rxf1 Qd7 19. a3 Na6 20. Qd3 Nb8 21.
Rc2 c6 22. Rfc1 Ng5 23. Nd2 Qg4 24. Qe2 Qf5 25. h4 Ne6 26. Qf3 Qd3 27. Na2 c5
28. Qxd5 Na6 29. Qb3 Qxb3 30. Nxb3 cxd4 31. Nxd4 Nxd4 32. exd4 Rad8 33. Rc4 Re7
34. Rc8 Rd7 35. R1c4 Kf8 36. Rxd8+ Rxd8 37. Ra4 Nb8 38. Rxa7 Rxd4 39. Ra8 Rd8
40. Nb4 Ke8 41. Nd5 Nd7 42. Rxd8+ Kxd8 43. Kf1 Kc8 44. Ke2 Kb7 45. Ke3 Kc6 46.
Ne7+ Kc5 47. Nf5 g6 48. Nh6 f6 49. Kd3 Kd5 50. Ng4 f5 51. Ne3+ Ke5 52. f4+ Kd6
53. Kc4 Kc6 54. g4 b5+ 55. Kd4 1-0

[Event "40th World Junior Girls"]
[Site "Gandhinagar IND"]
[Date "2024.06.11"]
[Round "9.24"]
[White "Koksa, Jelena"]
[Black "Barwinska, Ewa"]
[Result "0-1"]
[BlackTitle "WFM"]
[WhiteElo "1842"]
[BlackElo "2106"]
[WhiteFideId "14544776"]
[BlackFideId "21833761"]
[EventDate "2024.06.02"]

1. e4 e6 2. d4 d5 3. Nd2 Be7 4. Bd3 Nf6 5. e5 Nfd7 6. Ne2 c5 7. c3 Nc6 8. O-O
Qb6 9. Nf3 h6 10. Bc2 g5 11. h3 Nf8 12. dxc5 Bxc5 13. b4 Be7 14. Be3 Qc7 15. b5
Na5 16. Bd3 b6 17. a4 Bb7 18. Nd2 Nd7 19. f4 gxf4 20. Nxf4 Qxe5 21. Bd4 Bc5 22.
Ne2 Qd6 23. Kh1 e5 24. Bxc5 Qxc5 25. Bf5 O-O-O 26. Nf3 Nc4 27. Bxd7+ Rxd7 28.
Re1 Rg8 29. Nc1 Qf2 30. Rg1 Ne3 31. Qe2 Qxe2 32. Nxe2 f6 33. Kh2 Nc4 34. Ng3 Kc7
35. Nf5 h5 36. Rad1 a6 37. Rb1 Ra8 38. Ng3 Rh7 39. Nf5 axb5 40. axb5 Ra2 41.
N3h4 Rh8 42. Rge1 Rha8 43. Ng7 Rg8 44. Ngf5 d4 45. Ng3 Ne3 46. Rg1 f5 0-1

[Event "40th World Junior Girls"]
[Site "Gandhinagar IND"]
[Date "2024.06.11"]
[Round "9.25"]
[White "Saparya Ghosh"]
[Black "Mrittika Mallick"]
[Result "1-0"]
[WhiteElo "1833"]
[BlackElo "2076"]
[WhiteFideId "25771280"]
[BlackFideId "25902997"]
[EventDate "2024.06.02"]

1. d4 d5 2. c4 c6 3. Nf3 Nf6 4. e3 e6 5. Nbd2 Nbd7 6. b3 Bd6 7. Bb2 O-O 8. Bd3
Qe7 9. Ne5 Ne8 10. O-O Nxe5 11. dxe5 Bc7 12. Qc2 g6 13. e4 f6 14. exd5 exd5 15.
cxd5 cxd5 16. exf6 Nxf6 17. Rae1 Be6 18. Rxe6 Bxh2+ 19. Kxh2 Qxe6 20. Qc3 Qg4
21. g3 h5 22. Qd4 Rae8 23. Qxg4 Nxg4+ 24. Kg2 a5 25. Bd4 Kh7 26. Rh1 Kh6 27. Nf3
g5 28. Nh2 Nxh2 29. Kxh2 Rc8 30. Kg2 Rce8 31. g4 h4 32. Be3 Rxe3 33. fxe3 Rc8
34. Kf2 a4 35. bxa4 Rc3 36. Ke2 Ra3 37. Rb1 Rxa2+ 38. Kf3 Ra3 39. Bf5 Kg7 40.
Rxb7+ Kf6 41. Rb6+ Ke7 42. Re6+ Kf7 43. Rd6 Rxa4 44. Rxd5 Ra2 45. Rd6 Ra1 46.
Rg6 h3 47. Rh6 Rh1 48. Kg3 Rg1+ 49. Kh2 Re1 50. e4 Re3 51. Rxh3 Re2+ 52. Kg3
Re3+ 53. Kg2 Re2+ 54. Kf3 Ra2 55. Rh6 Ra3+ 56. Kf2 Rc3 57. Rg6 Ra3 58. Rxg5 Kf6
59. Rg8 Ke5 60. Rb8 Kf4 61. Rb2 Rh3 62. Kg2 Rg3+ 63. Kh2 Re3 64. Rf2+ Kg5 65.
Kg2 Kh4 66. Rf3 Re2+ 67. Kf1 Rb2 68. e5 Kg5 69. e6 Kf6 70. Re3 Ke7 71. Re2 Kd6 1-0

[Event "40th World Junior Girls"]
[Site "Gandhinagar IND"]
[Date "2024.06.11"]
[Round "9.26"]
[White "Rzali, Sabina"]
[Black "Shivamshika G"]
[Result "1-0"]
[WhiteTitle "WCM"]
[WhiteElo "2073"]
[BlackElo "1846"]
[WhiteFideId "13410920"]
[BlackFideId "33384959"]
[EventDate "2024.06.02"]

1. e4 e6 2. d3 d5 3. Nd2 Nf6 4. Ngf3 Nc6 5. c3 Bd6 6. Be2 O-O 7. O-O Re8 8. Qc2
e5 9. Rd1 d4 10. Nc4 b5 11. Nxd6 Qxd6 12. cxd4 exd4 13. g3 Nb4 14. Qb1 Bb7 15.
Bf4 Qd7 16. a3 Na6 17. Be5 c5 18. Bxf6 gxf6 19. Qc1 Rac8 20. Nh4 Qe7 21. Nf5 Qf8
22. Qf4 Rc6 23. Bh5 Kh8 24. Rac1 Rd8 25. Rd2 Nc7 26. Nh6 Rd7 27. Bg4 Re7 28. Bf5
Qg7 29. Rdc2 Qg5 30. Qxg5 fxg5 31. Rxc5 Rxc5 32. Rxc5 Kg7 33. Ng4 a6 34. Ne5 Ne8
35. Nf3 h6 36. Nxd4 Rc7 37. Nb3 Kf6 38. Rxc7 Nxc7 39. Nc5 Bc6 40. f4 Ne6 41.
Bxe6 1-0

[Event "40th World Junior Girls"]
[Site "Gandhinagar IND"]
[Date "2024.06.11"]
[Round "9.27"]
[White "Chinnam, Vyshnavi"]
[Black "Khairmode Dhanashree"]
[Result "1/2-1/2"]
[WhiteTitle "WCM"]
[WhiteElo "1830"]
[BlackElo "1929"]
[WhiteFideId "35061690"]
[BlackFideId "25762184"]
[EventDate "2024.06.02"]

1. e4 c5 2. Nc3 Nc6 3. Bb5 Nd4 4. Nf3 e6 5. O-O a6 6. Bd3 Nc6 7. Re1 g5 8. h3 h5
9. Nh2 Bd6 10. g3 Qc7 11. Nf1 Nge7 12. Be2 h4 13. g4 Bf4 14. Bf3 Nd4 15. Bg2 Ng6
16. Ne2 Nxe2+ 17. Qxe2 b5 18. a4 Rb8 19. axb5 axb5 20. d3 Bxc1 21. Rexc1 O-O 22.
Ne3 Bb7 23. Qd2 Nf4 24. Bf1 Qe5 25. Qc3 f6 26. Ra7 Bc6 27. Rca1 Ng6 28. R1a5
Rfc8 29. Ng2 Rf8 30. Ne3 Rbc8 31. Qxe5 Nxe5 32. Bg2 Kf7 33. Kf1 Ke7 34. Ke2 Ng6
35. Bf1 Nf4+ 36. Kd2 Kd6 37. c3 Ra8 38. Rxa8 Rxa8 39. Rxa8 Bxa8 40. f3 Ke5 41.
Nc2 d5 42. Ke3 Kd6 43. b4 c4 44. d4 Bc6 45. Ne1 Bd7 46. Ng2 Ng6 47. exd5 Kxd5
48. f4 Bc6 49. Be2 Kd6 50. Bf3 Ne7 51. fxg5 fxg5 52. Ne1 Bd5 53. Kd2 e5 54. Bxd5
Nxd5 55. Nf3 exd4 56. Nxd4 Nf4 57. Nxb5+ Kd5 58. Nd4 Nxh3 59. Ke3 Nf4 60. b5 Kc5
61. Nf3 Ne6 62. Ke4 Kxb5 63. Kf5 Nf4 64. Kxg5 Ne2 65. Kxh4 Nxc3 66. Nd2 Nd5 67.
Nxc4 Kxc4 68. g5 Ne7 69. g6 Nxg6+ 1/2-1/2

[Event "40th World Junior Girls"]
[Site "Gandhinagar IND"]
[Date "2024.06.11"]
[Round "9.28"]
[White "Arya G Mallar"]
[Black "Ishvi, Aggarwal"]
[Result "0-1"]
[BlackTitle "WCM"]
[WhiteElo "1725"]
[BlackElo "1928"]
[WhiteFideId "25115324"]
[BlackFideId "25728890"]
[EventDate "2024.06.02"]

1. d4 d5 2. Nf3 Nf6 3. Bf4 e6 4. e3 c5 5. Nbd2 Nc6 6. c3 Bd6 7. Bg3 O-O 8. Bd3
b6 9. e4 Be7 10. e5 Nh5 11. Ng5 Bxg5 12. Qxh5 g6 13. Qe2 cxd4 14. h4 Bh6 15. h5
dxc3 16. bxc3 Bg7 17. Nf3 Qe7 18. Bf4 Bb7 19. h6 Bh8 20. Rd1 f6 21. O-O fxe5 22.
Bxe5 Rxf3 23. Bxh8 Rxd3 24. Qxd3 Kxh8 25. Rfe1 Qf7 26. Re3 Rd8 27. Rde1 e5 28.
Qe2 Kg8 29. Qg4 Qd7 30. Qg5 Rf8 31. R3e2 Qf5 32. Qd2 e4 33. c4 Ne5 34. Qc3 Qf6
35. Qg3 d4 36. Rxe4 Bxe4 37. Rxe4 Nd7 38. Re2 Nc5 39. Qc7 d3 40. Rd2 Re8 41. f3
Qa1+ 42. Kh2 Qe5+ 43. Qxe5 Rxe5 44. Kg3 Re1 45. Kf2 Rc1 46. Ke3 Rxc4 47. g4 g5
48. a3 Kf7 49. Kf2 Rc2 50. Ke3 Rxd2 51. Kxd2 Ke6 52. a4 Kd5 53. f4 gxf4 54. g5
Ne4+ 55. Kxd3 Nxg5 56. a5 b5 57. a6 b4 58. Kc2 f3 59. Kd3 b3 60. Ke3 b2 61. Kf4
b1=Q 62. Kxg5 f2 63. Kf6 f1=Q+ 64. Kg7 Qg6+ 65. Kh8 Qa1# 0-1

[Event "40th World Junior Girls"]
[Site "Gandhinagar IND"]
[Date "2024.06.11"]
[Round "9.29"]
[White "Jain Ashita"]
[Black "Singgih, Diajeng Theresa"]
[Result "0-1"]
[BlackTitle "WIM"]
[WhiteElo "1744"]
[BlackElo "1918"]
[WhiteFideId "25181971"]
[BlackFideId "7104391"]
[EventDate "2024.06.02"]

1. d4 d5 2. c4 e6 3. Nf3 Nf6 4. g3 dxc4 5. Bg2 c6 6. O-O b5 7. Ne5 Bb7 8. a4 a6
9. Nc3 Nd5 10. e4 Nxc3 11. bxc3 Bd6 12. Bf4 O-O 13. Qg4 Qc7 14. Rac1 c5 15. Rfe1
cxd4 16. cxd4 Nd7 17. Nxd7 Qxd7 18. Bh6 f5 19. exf5 exf5 20. Qxg7+ Qxg7 21. Bxg7
Rf7 22. Be5 Ba3 23. Rc2 Bxg2 24. Kxg2 Rc8 25. Rb1 b4 26. a5 Rd7 27. Kf3 Rd5 28.
Kf4 Rxa5 29. Kxf5 b3 30. Rc3 Bb4 31. Rcc1 Bd2 32. Rf1 Rb5 33. Ke4 c3 34. Kd3 c2
35. Rxb3 Rxb3+ 36. Kxd2 Rbc3 37. Rc1 a5 38. f4 h5 39. d5 R3c5 40. d6 Rd5+ 41.
Ke2 a4 42. h3 a3 43. g4 hxg4 44. hxg4 Kf7 45. g5 a2 46. Ba1 Kg6 47. Kf3 Rxd6 48.
Kg4 Rc4 49. Be5 Rd1 50. Rxc2 Rg1+ 51. Kf3 Rxc2 52. Ke4 Re1+ 53. Kd3 Rc8 54. Bb2
a1=Q 55. Bxa1 Rxa1 56. f5+ Kxf5 57. g6 Rd8+ 58. Ke2 Kxg6 59. Ke3 Re1+ 60. Kf2
Re5 61. Kg3 Rf8 62. Kh3 Rg5 63. Kh4 Rh8# 0-1

[Event "40th World Junior Girls"]
[Site "Gandhinagar IND"]
[Date "2024.06.11"]
[Round "9.30"]
[White "Jesumarian, Rebecca"]
[Black "Akshaya Sathi"]
[Result "1-0"]
[WhiteElo "1866"]
[BlackElo "1833"]
[WhiteFideId "35094831"]
[BlackFideId "25130340"]
[EventDate "2024.06.02"]

1. d4 Nf6 2. c4 c5 3. d5 b5 4. Qc2 bxc4 5. e4 e6 6. Bxc4 exd5 7. exd5 d6 8. Ne2
Be7 9. O-O O-O 10. b3 Nbd7 11. Nbc3 Ne5 12. Ng3 Nxc4 13. bxc4 Ng4 14. Bf4 Bf6
15. Rac1 Rb8 16. Nb5 Ne5 17. Ne4 Bf5 18. Nbxd6 Bg6 19. Qc3 Nd7 20. Nxf6+ Nxf6
21. Be5 a6 22. f3 Rb6 23. Bxf6 Qxd6 24. Be5 Qd7 25. Bxg7 Re8 26. Rce1 Rbb8 27.
Bh6 f5 28. Qf6 a5 29. Bf4 Rf8 30. Qg5 Rbe8 31. h4 Qd8 32. Qg3 h5 1-0

[Event "40th World Junior Girls"]
[Site "Gandhinagar IND"]
[Date "2024.06.11"]
[Round "9.31"]
[White "Peglau, Charis"]
[Black "Saniya Rafique Tadavi"]
[Result "0-1"]
[WhiteTitle "WFM"]
[WhiteElo "2088"]
[BlackElo "1754"]
[WhiteFideId "16219996"]
[BlackFideId "25912461"]
[EventDate "2024.06.02"]

1. d4 Nf6 2. c4 g6 3. Nc3 Bg7 4. e4 d6 5. Be2 O-O 6. Be3 e5 7. Nf3 Nc6 8. d5 Ne7
9. Nd2 Ne8 10. c5 f5 11. cxd6 cxd6 12. f3 f4 13. Bf2 g5 14. Qb3 Ng6 15. O-O-O
Rf7 16. Kb1 Bd7 17. Nc4 b5 18. Na3 a6 19. Rc1 Rb8 20. Nd1 b4 21. Nc4 a5 22. Be1
Bb5 23. Nf2 Rfb7 24. Ng4 a4 25. Qd1 Bxc4 26. Rxc4 Qd7 27. Nf2 Nc7 28. Nd3 b3 29.
a3 Nb5 30. Nb4 Nd4 31. Nc6 Ra8 32. Bf2 Rc7 33. Nxd4 Rxc4 34. Bxc4 exd4 35. Bxd4
Rc8 36. Qd3 Bxd4 37. Qxd4 Ne5 38. Bd3 Qc7 39. Rg1 Kf7 40. Ka1 h5 41. Bb1 Qc5 42.
Qb4 Qxb4 43. axb4 Rb8 44. Rf1 Rxb4 45. g3 Rd4 46. h4 fxg3 47. hxg5 g2 48. Rg1
Rd2 49. g6+ Kxg6 50. f4 h4 51. fxe5 dxe5 52. Bd3 h3 53. Bf1 Rd1# 0-1

[Event "40th World Junior Girls"]
[Site "Gandhinagar IND"]
[Date "2024.06.11"]
[Round "9.32"]
[White "Cassi, Elisa"]
[Black "Divyabharathi, Masanam"]
[Result "1-0"]
[WhiteTitle "WFM"]
[WhiteElo "2028"]
[BlackElo "1821"]
[WhiteFideId "2817220"]
[BlackFideId "45018421"]
[EventDate "2024.06.02"]

1. e4 c5 2. Nf3 Nc6 3. Bb5 g6 4. O-O Bg7 5. c3 d5 6. Qa4 Qd6 7. d4 cxd4 8. Bf4
Qxf4 9. Bxc6+ Kf8 10. Bxd5 Nf6 11. Qxd4 h5 12. Bb3 Bg4 13. e5 Qxd4 14. Nxd4 Nd7
15. f4 Nc5 16. Bc2 Ne6 17. Nxe6+ Bxe6 18. Nd2 Bh6 19. g3 Kg7 20. Nf3 Rhd8 21. h4
Bd5 22. Nd4 Rac8 23. Rfe1 Kh7 24. Bb3 Bf8 25. Bxd5 Rxd5 26. Rad1 Rcd8 27. Kf1 e6
28. Ke2 Bc5 29. Nf3 Kg7 30. Ng5 Be7 31. Rxd5 Rxd5 32. Ne4 f6 33. exf6+ Bxf6 34.
Rd1 Rxd1 35. Kxd1 e5 36. Nxf6 Kxf6 37. fxe5+ Kxe5 38. Kd2 Ke4 39. Ke2 a6 40. a3
a5 41. a4 b6 42. b3 Kf5 43. Kf3 Ke5 44. g4 hxg4+ 45. Kxg4 Ke4 46. Kg5 Kd3 47.
Kxg6 Kxc3 48. h5 Kxb3 49. h6 Kxa4 50. h7 b5 51. h8=Q b4 52. Qb2 Kb5 53. Kf5 a4
54. Ke4 b3 55. Qc3 Ka6 56. Qb4 Ka7 57. Qxa4+ Kb6 58. Qxb3+ 1-0

[Event "40th World Junior Girls"]
[Site "Gandhinagar IND"]
[Date "2024.06.11"]
[Round "9.33"]
[White "Sasvatha A"]
[Black "Nagyova, Daniela"]
[Result "1-0"]
[WhiteTitle "WCM"]
[WhiteElo "1825"]
[BlackElo "1958"]
[WhiteFideId "45010862"]
[BlackFideId "390070"]
[EventDate "2024.06.02"]

1. d4 Nf6 2. c4 e6 3. Nc3 d5 4. cxd5 exd5 5. Bg5 Be7 6. e3 h6 7. Bf4 O-O 8. h3
c6 9. Bd3 Re8 10. Nf3 Nbd7 11. Qc2 b5 12. O-O a5 13. Nxb5 Ba6 14. Nc7 Bxd3 15.
Qxd3 c5 16. Nxe8 Qxe8 17. b3 g5 18. Bh2 1-0

[Event "40th World Junior Girls"]
[Site "Gandhinagar IND"]
[Date "2024.06.11"]
[Round "9.34"]
[White "Sherali Pattnaik"]
[Black "Radhika Sharma"]
[Result "1-0"]
[WhiteElo "1955"]
[BlackElo "1651"]
[WhiteFideId "25789449"]
[BlackFideId "33398666"]
[EventDate "2024.06.02"]

1. e4 e5 2. Nf3 Nf6 3. Nxe5 d6 4. Nf3 Nxe4 5. Nc3 Nxc3 6. dxc3 Be7 7. Bf4 Nc6 8.
Qd2 Be6 9. O-O-O a6 10. Kb1 Qd7 11. h4 h6 12. Nd4 Nxd4 13. cxd4 O-O-O 14. d5 Bf5
15. Qa5 Bxc2+ 16. Kxc2 Qf5+ 17. Rd3 Qxf4 18. Rc3 Qxf2+ 19. Kb3 Kd7 20. Rxc7+ Ke8
21. Bd3 Bf6 22. Qe1+ Qxe1 23. Rxe1+ Be5 24. Rf1 Rd7 25. Rc4 b5 26. Rc8+ Rd8 27.
Rc6 Ra8 28. Rc7 Bf6 29. Rfc1 Bxh4 30. Bf5 Bd8 31. Rd7 g6 32. Bh3 f5 33. Rxd6 Kf7
34. Rcc6 Rg8 35. g4 f4 36. g5 Rh8 37. Be6+ Ke8 38. Bg4 hxg5 39. Rxg6 a5 40. d6
Kf7 41. Re6 Rh4 42. Bf5 f3 43. Re3 Rf4 44. Be6+ Kg7 45. Bh3 g4 46. Bf1 g3 47. d7
Ra7 48. Rd6 Rf7 49. Bxb5 g2 50. Rd1 Rf6 51. Re8 Ra8 52. Bc4 Rb8+ 53. Kc2 Kh6 54.
Bd5 Rd6 55. Rh8+ Kg7 56. Rg8+ Kh7 57. Rg3 Bb6 58. Be4+ Rg6 59. Rxg6 1-0

[Event "40th World Junior Girls"]
[Site "Gandhinagar IND"]
[Date "2024.06.11"]
[Round "9.35"]
[White "Advika Sarupria"]
[Black "Padmini S"]
[Result "1/2-1/2"]
[WhiteElo "1587"]
[BlackElo "1872"]
[WhiteFideId "25968858"]
[BlackFideId "25782738"]
[EventDate "2024.06.02"]

1. d4 f5 2. c4 Nf6 3. Nc3 g6 4. Nf3 Bg7 5. g3 O-O 6. Bg2 d6 7. O-O c6 8. Bf4 Na6
9. Qc1 Re8 10. Re1 Qc7 11. c5 Nh5 12. cxd6 exd6 13. Bh6 Nf6 14. Bxg7 Qxg7 15.
Qf4 Ne4 16. h4 Bd7 17. Rad1 Nc7 18. Ng5 Nxc3 19. bxc3 h6 20. Nf3 Nd5 21. Qd2 Nf6
22. Qb2 Rab8 23. Nd2 d5 24. Nf3 Ng4 25. Bh3 g5 26. hxg5 hxg5 27. Bxg4 fxg4 28.
Ne5 Bf5 29. Kg2 Re6 30. Rh1 Rf8 31. Rdf1 Rh6 1/2-1/2

[Event "40th World Junior Girls"]
[Site "Gandhinagar IND"]
[Date "2024.06.11"]
[Round "9.36"]
[White "Sindhusree K"]
[Black "Zarkym, Ailin"]
[Result "0-1"]
[WhiteElo "1846"]
[BlackElo "1721"]
[WhiteFideId "46616411"]
[BlackFideId "13753207"]
[EventDate "2024.06.02"]

1. d4 Nf6 2. c4 e6 3. Nf3 c5 4. d5 b5 5. Bg5 exd5 6. cxd5 d6 7. e4 a6 8. Nbd2
Be7 9. Bf4 O-O 10. Bd3 Nh5 11. Be3 f5 12. exf5 Nf6 13. O-O Bb7 14. a4 c4 15. Bc2
Nxd5 16. axb5 Nxe3 17. fxe3 axb5 18. Rxa8 Bxa8 19. Nd4 Qb6 20. Kh1 Bf6 21. Ne6
Re8 22. Qh5 Re7 23. Qh3 Nd7 24. Ra1 Bb7 25. Ra2 Nc5 26. Nf3 b4 27. Bb1 c3 28.
bxc3 bxc3 29. Bc2 Bd5 30. Nfg5 h6 31. Ne4 Nxe4 0-1

[Event "40th World Junior Girls"]
[Site "Gandhinagar IND"]
[Date "2024.06.11"]
[Round "9.37"]
[White "Asudani Ruhani Raj"]
[Black "Anushka Gupta"]
[Result "0-1"]
[WhiteElo "1645"]
[BlackElo "1766"]
[WhiteFideId "25697463"]
[BlackFideId "25660802"]
[EventDate "2024.06.02"]

1. d4 Nf6 2. c4 e6 3. Nc3 Bb4 4. e3 c5 5. Ne2 b6 6. a3 Ba5 7. Rb1 Na6 8. g3 Bb7
9. d5 b5 10. Bg2 bxc4 11. O-O O-O 12. dxe6 Bxg2 13. exf7+ Rxf7 14. Kxg2 d5 15.
Na2 Qd7 16. Bd2 Bb6 17. f3 Nc7 18. b3 cxb3 19. Qxb3 c4 20. Qc2 Ne6 21. Nac3 Nc5
22. Nd4 Nd3 23. Na4 Bxd4 24. exd4 Re8 25. Bg5 Rfe7 26. Nc3 Qf5 27. Qd2 h6 28.
Bxf6 Qxf6 29. Rb5 Qxd4 30. Kh1 Re1 31. Qg2 Rxf1+ 32. Qxf1 Re1 33. Qxe1 Nxe1 0-1

[Event "40th World Junior Girls"]
[Site "Gandhinagar IND"]
[Date "2024.06.11"]
[Round "9.38"]
[White "Aswinika Mani R"]
[Black "Natura, Bethi"]
[Result "1-0"]
[WhiteElo "1751"]
[BlackElo "1697"]
[WhiteFideId "25611518"]
[BlackFideId "25048864"]
[EventDate "2024.06.02"]

1. e4 e6 2. d4 d5 3. exd5 exd5 4. h3 Nf6 5. Bd3 c5 6. c3 cxd4 7. cxd4 Nc6 8. Nf3
h6 9. O-O Be7 10. Re1 O-O 11. a3 Be6 12. Nbd2 Rc8 13. b4 Nh5 14. Nb3 Bd6 15. Ng5
Nf4 16. Bxf4 Bxf4 17. Nxe6 fxe6 18. Rxe6 Rf6 19. Qg4 h5 20. Qe2 Bg5 21. Re1 Qd7
22. Rxf6 Bxf6 23. Qxh5 Ne7 24. Nc5 Qc7 25. Bh7+ 1-0

[Event "40th World Junior Girls"]
[Site "Gandhinagar IND"]
[Date "2024.06.11"]
[Round "9.39"]
[White "Sagar, Siya"]
[Black "Asmita Avijit Ray"]
[Result "0-1"]
[WhiteElo "1732"]
[BlackElo "1692"]
[WhiteFideId "25098160"]
[BlackFideId "25786911"]
[EventDate "2024.06.02"]

1. e4 c6 2. d4 d5 3. Nc3 dxe4 4. Nxe4 Nf6 5. Nxf6+ exf6 6. c3 Bd6 7. Bd3 O-O 8.
Ne2 Re8 9. O-O Nd7 10. Bf4 Nf8 11. Qd2 Ng6 12. Bxd6 Qxd6 13. Qc2 Be6 14. Rfe1
Nf8 15. Ng3 b6 16. Nf5 Bxf5 17. Bxf5 g6 18. Bd3 Ne6 19. Bc4 Nf4 20. Qb3 Qd7 21.
Re3 b5 22. Bf1 Qg4 23. Rg3 Ne2+ 24. Bxe2 Qxe2 25. h4 Qd2 26. h5 Kg7 27. Rf3 Re2
28. Rb1 Rae8 29. c4 Qxd4 30. cxb5 Re1+ 31. Rxe1 Rxe1+ 32. Kh2 Qh4+ 33. Rh3 Qxf2
34. h6+ Kf8 35. Qa3+ Ke8 36. Rc3 Qf4+ 37. Rg3 Qc1 38. Rc3 Rh1+ 39. Kg3 Qe1+ 40.
Kf3 Rf1+ 41. Kg4 Qe4+ 42. Kg3 Qf4+ 0-1